01492nam a22004337a 4500003000400000005001700004008004100021040002200062082001700084100005300101245001400154260007800168300001900246366000800265490002400273505004600297505001600343505002400359505001900383505002400402505002900426505003100455505001000486505006800496505002800564505001600592505003500608505002400643505002500667505002400692505002500716650004100741650005000782650004300832650004800875650004300923650004400966650004801010OSt20230518110341.0221006b |||||||| |||| 00| 0 eng d cBiblioteca Lado V a701.1bS744a aSrendni de Birbragher, Celiaeeditoraedirectora aArtNexus/ bAsociación de Revistas Culturalesc2016aCanadaaAmerica LatinaaBrasil c24x30cma156p. espa a100v15x0120 713 X tCarta de Nueva York Joaquin Torres-Garcia tBeth Moyses tCuarta Trienal Poli tGunther Gerzso tBienal del Mercosur tErnesto Javier Fernandez tVIII Premio Luis Caballero tMDE15 tExposicionesaArthur Luiz Piza Carlos Salas Francisco Oller  tCrónicas Individuales tColectivas  tGuía de Galerías y Museos  tReseñas de libros tLibros para la venta tLIbros y Catalogos  tLibros para la Venta 2Tesauro de Arte & ArquitecturaaARTE 2Tesauro de Arte & ArquitecturaaEXPOSICIONES  2Tesauro de Arte & ArquitecturaaBIENAL 2Tesauro de Arte & ArquitecturaaAPRECIACION 2Tesauro de Arte & ArquitecturaaTEORIA 2Tesauro de Arte & ArquitecturaaCRITICA 2Tesauro de Arte & ArquitecturaaFOTOGRAFIA